| 000 | 00627nam a2200193 a 4500 | ||
|---|---|---|---|
| 001 | 000023742 | ||
| 005 | 20200930022431.0 | ||
| 008 | 110112s1976 mx a r 000 | spa d | ||
| 040 |
_aDO-SdBNP _bspa _cBNPHU |
||
| 082 |
_a305.42 _bH877n |
||
| 100 | 1 |
_aHuber, Joan _948886 |
|
| 245 | 1 | 3 |
_aLa nueva mujer / _cJoan Huber, compiladora ; prólogo de María Eugenia Moreno. |
| 260 |
_aMéxico, D. F. : _bAsociados, _c1976. |
||
| 300 |
_a354 p. ; _c20 cm. |
||
| 500 | _aIncluye notas al pie de páginas | ||
| 650 | 4 |
_aMujeres _xCuestiones sociales y morales _911704 |
|
| 700 | 1 |
_aMoreno, María Eugenia _epról. _948887 |
|
| 049 | _aBNGR | ||
| 999 |
_c23238 _d23238 |
||